[Event "Berlin-ch Seniors op 39th"]
[Site "Berlin"]
[Date "2023.01.29"]
[Round "6"]
[White "Grillich, Alexander"]
[Black "Fiss, Wolfgang"]
[Result "1/2-1/2"]
[WhiteElo "1894"]
[BlackElo "1803"]
[PlyCount "117"]
[EventDate "2023.01.24"]
[EventType "swiss"]
[EventRounds "9"]
[EventCountry "GER"]
[SourceTitle "CBM 212 Extra"]
[Source "ChessBase"]
[SourceDate "2023.03.31"]
[SourceVersion "1"]
[SourceVersionDate "2023.03.31"]
[SourceQuality "1"]

1. e4 e6 2. d4 d5 3. e5 c5 4. c3 Nc6 5. Nf3 Qb6 6. a3 Nge7 7. Bd3 cxd4 8. cxd4 Nf5 9. Bxf5 exf5 10. 0-0 Be7 11. Nc3 Be6 12. b4 a6 13. Na4 Qb5 14. Be3 0-0 15. Nc5 b6 16. Nd3 Na7 17. Rc1 Rfc8 18. Rxc8+ Rxc8 19. Bg5 Qd7 20. Bxe7 Qxe7 21. Qa4 Rc3 22. Nf4 a5 23. Ne2 Bd7 24. Qd1 Rxa3 25. bxa5 bxa5 26. Nf4 Be6 27. h4 h6 28. Qc2 Nb5 29. Rb1 Nc3 30. Rb8+ Kh7 31. Qb2 Na4 32. Qb5 Ra1+ 33. Kh2 Nc3 34. Qc6 Rb1 35. Re8 Bd7 36. Rxe7 Bxc6 37. Rxf7 a4 38. Rc7 a3 39. Rxc6 a2 40. Ra6 a1Q 41. Rxa1 Rxa1 42. h5 Ra2 43. e6 Kg8 44. Ne5 Kf8 45. f3 Ke8 46. Neg6 Ra4 47. e7 Ra7 48. Ne6 Rxe7 49. Nxe7 Kxe7 50. Nxg7 Kf6 51. Ne8+ Kg5 52. Nd6 f4 53. Nf7+ Kxh5 54. Ne5 Kg5 55. Nd3 Ne2 56. Nb4 Nxd4 57. Nxd5 Ne6 58. Nc3 Nf8 59. Ne4+ 1/2-1/2

[Event "Berlin-ch Seniors op 39th"]
[Site "Berlin"]
[Date "2023.01.24"]
[Round "1"]
[White "Fiss, Wolfgang"]
[Black "Koehler, Gerhard"]
[Result "0-1"]
[WhiteElo "1803"]
[BlackElo "2241"]
[PlyCount "106"]
[EventDate "2023.01.24"]
[EventType "swiss"]
[EventRounds "9"]
[EventCountry "GER"]
[SourceTitle "CBM 212 Extra"]
[Source "ChessBase"]
[SourceDate "2023.03.31"]
[SourceVersion "1"]
[SourceVersionDate "2023.03.31"]
[SourceQuality "1"]

1. d4 Nf6 2. c4 g6 3. Nc3 Bg7 4. e4 d6 5. f4 c5 6. dxc5 Qa5 7. Qa4+ Qxa4 8. Nxa4 Nxe4 9. cxd6 Nxd6 10. Bd2 Ne4 11. Nf3 Nxd2 12. Nxd2 Nc6 13. a3 0-0 14. Nf3 Bf5 15. Be2 Bc2 16. Nc3 Bxc3+ 17. bxc3 Na5 18. Ra2 Be4 19. 0-0 Rac8 20. Nd2 Bf5 21. Rb2 b6 22. Rb4 Rfd8 23. Nf3 Be6 24. Nd4 Bxc4 25. f5 Bxe2 26. Nxe2 Rd2 27. fxg6 hxg6 28. Ng3 Ra2 29. Rbf4 f6 30. Re1 Kf7 31. Rh4 Nc6 32. a4 Ne5 33. Rh7+ Ke6 34. Ne2 Rxa4 35. Rd1 Nc6 36. Nd4+ Nxd4 37. Re1+ Kd6 38. cxd4 Rc7 39. d5 a5 40. Re6+ Kxd5 41. Rxb6 Ra2 42. h3 a4 43. Kh2 Rcc2 44. Rxe7 Rxg2+ 45. Kh1 Rgc2 46. Re1 Rf2 47. Kg1 a3 48. Rb3 Rg2+ 49. Kh1 Rgd2 50. Rc1 Kd4 51. Kg1 Rd3 52. Rb4+ Ke3 53. Rg4 Rb2 0-1

[Event "Berlin-ch Seniors op 37th"]
[Site "Berlin"]
[Date "2021.06.16"]
[Round "9"]
[White "Fiss, Wolfgang"]
[Black "Kapr, Klaus"]
[Result "0-1"]
[WhiteElo "1764"]
[BlackElo "1988"]
[PlyCount "96"]
[EventDate "2021.06.08"]
[EventType "swiss"]
[EventRounds "9"]
[EventCountry "GER"]
[SourceTitle "EXT 2022"]
[Source "ChessBase"]
[SourceDate "2021.10.06"]
[SourceVersion "1"]
[SourceVersionDate "2021.10.06"]
[SourceQuality "1"]

1. d4 d5 2. c3 e6 3. g3 f5 4. Nh3 Nf6 5. Bg2 Be7 6. Nf4 0-0 7. Nd3 Nbd7 8. Nf4 Nb6 9. b3 Bd7 10. Ba3 Ne4 11. Bxe7 Qxe7 12. f3 Nf6 13. Nd3 Bb5 14. 0-0 Nbd7 15. a4 Ba6 16. Nb4 Nb8 17. f4 c5 18. Nxa6 Nxa6 19. Nd2 Rac8 20. Rc1 cxd4 21. cxd4 Qb4 22. e3 Rc3 23. Rxc3 Qxc3 24. Re1 Rc8 25. h3 Nb4 26. Bf1 Qb2 27. g4 Rc2 28. Nf3 fxg4 29. Ne5 g3 30. Nd3 Nxd3 31. Qxd3 Rg2+ 32. Bxg2 Qf2+ 33. Kh1 Qxe1+ 34. Bf1 Ne4 35. Qe2 g2+ 36. Qxg2 Qxe3 37. Qc2 h6 38. f5 Ng3+ 39. Kg2 Nxf5 40. Qc8+ Kh7 41. Qc2 Qxd4 42. Bd3 Qe5 43. h4 Qf4 44. Kg1 Qg3+ 45. Kf1 Qf4+ 46. Kg2 h5 47. Kg1 Kh6 48. Bxf5 Qxf5 0-1

[Event "Berlin-ch Seniors op 37th"]
[Site "Berlin"]
[Date "2021.06.11"]
[Round "4"]
[White "Fiss, Wolfgang"]
[Black "Mueller, Johannes1111"]
[Result "1/2-1/2"]
[WhiteElo "1764"]
[BlackElo "1757"]
[PlyCount "48"]
[EventDate "2021.06.08"]
[EventType "swiss"]
[EventRounds "9"]
[EventCountry "GER"]
[SourceTitle "EXT 2022"]
[Source "ChessBase"]
[SourceDate "2021.10.06"]
[SourceVersion "1"]
[SourceVersionDate "2021.10.06"]
[SourceQuality "1"]

1. d4 d5 2. c4 e6 3. Nc3 f5 4. g3 Nf6 5. Nh3 Be7 6. Bg2 0-0 7. cxd5 exd5 8. Nf4 c6 9. 0-0 Qe8 10. Nd3 Ne4 11. f3 Ng5 12. Qb3 Kh8 13. Ne5 Qh5 14. Bxg5 Qxg5 15. f4 Qf6 16. e3 Na6 17. Rf2 Nc7 18. Rc1 Ne8 19. Na4 Nd6 20. Nc5 Rd8 21. Kh1 h6 22. Rcf1 b6 23. Ncd3 Bb7 24. Qa4 b5 1/2-1/2

[Event "Berlin-ch Seniors op 37th"]
[Site "Berlin"]
[Date "2021.06.09"]
[Round "2"]
[White "Fiss, Wolfgang"]
[Black "Bremer, Helmut"]
[Result "1-0"]
[WhiteElo "1764"]
[BlackElo "1431"]
[PlyCount "77"]
[EventDate "2021.06.08"]
[EventType "swiss"]
[EventRounds "9"]
[EventCountry "GER"]
[SourceTitle "EXT 2022"]
[Source "ChessBase"]
[SourceDate "2021.10.06"]
[SourceVersion "1"]
[SourceVersionDate "2021.10.06"]
[SourceQuality "1"]

1. d4 d5 2. c4 e6 3. Nc3 Bb4 4. Bd2 Bxc3 5. Bxc3 Nf6 6. Bb4 Nc6 7. Bc3 0-0 8. e3 b6 9. Nf3 Ne4 10. Rc1 f5 11. Bd3 a5 12. 0-0 Ba6 13. cxd5 Qxd5 14. Bxa6 Rxa6 15. a3 Raa8 16. Nd2 Nf6 17. b3 Qd6 18. Bb2 Ng4 19. g3 Ne7 20. h3 Nxe3 21. Qh5 Nxf1 22. Kxf1 Qd5 23. Rxc7 Ng6 24. Nf3 Nh8 25. Ng5 h6 26. Nxe6 Qxe6 27. d5 Rf7 28. dxe6 Rxc7 29. Qxf5 Re7 30. Qd5 Rae8 31. f4 Ng6 32. f5 Nf8 33. Qe5 Nh7 34. g4 Nf6 35. Bd4 Nh7 36. h4 Nf6 37. g5 Ng4 38. Qg3 h5 39. Qd6 1-0

[Event "Berlin-ch Seniors op 37th"]
[Site "Berlin"]
[Date "2021.06.08"]
[Round "1"]
[White "Hildebrand, Gerald"]
[Black "Fiss, Wolfgang"]
[Result "1-0"]
[WhiteElo "2082"]
[BlackElo "1764"]
[PlyCount "57"]
[EventDate "2021.06.08"]
[EventType "swiss"]
[EventRounds "9"]
[EventCountry "GER"]
[SourceTitle "EXT 2022"]
[Source "ChessBase"]
[SourceDate "2021.10.06"]
[SourceVersion "1"]
[SourceVersionDate "2021.10.06"]
[SourceQuality "1"]

1. d4 d5 2. c4 c6 3. e3 Nf6 4. Bd3 e6 5. Nf3 Nbd7 6. Nc3 g6 7. 0-0 Bg7 8. Re1 0-0 9. e4 dxc4 10. Bxc4 b5 11. Bb3 Bb7 12. Bg5 h6 13. Bh4 Qb6 14. e5 Nd5 15. Ne4 c5 16. Nd6 c4 17. Bc2 Nb4 18. Be7 Nxc2 19. Qxc2 Bxf3 20. gxf3 Rfb8 21. Qd2 g5 22. h4 Bf8 23. Bxf8 Nxf8 24. hxg5 Ng6 25. Ne4 Rd8 26. Nf6+ Kh8 27. Re4 b4 28. gxh6 Rac8 29. Qg5 1-0

[Event "Berlin Lichtenberger op 18th"]
[Site "Berlin"]
[Date "2019.08.18"]
[Round "2"]
[White "Weber, Constanze"]
[Black "Fiss, Wolfgang"]
[Result "1-0"]
[WhiteElo "1490"]
[BlackElo "1778"]
[PlyCount "47"]
[EventDate "2019.08.17"]
[EventType "swiss"]
[EventRounds "9"]
[EventCountry "GER"]
[SourceTitle "EXT 2020"]
[Source "ChessBase"]
[SourceDate "2019.10.17"]
[SourceVersion "1"]
[SourceVersionDate "2019.10.17"]
[SourceQuality "1"]

1. c4 e6 2. Nc3 Nf6 3. g3 d5 4. cxd5 Nxd5 5. Bg2 c6 6. d4 Bb4 7. Bd2 Nd7 8. e4 N5f6 9. Nge2 0-0 10. a3 Be7 11. 0-0 Nb6 12. b3 c5 13. Be3 cxd4 14. Bxd4 Bd7 15. a4 Bc6 16. Be3 Nbd7 17. Rc1 a6 18. Nd4 Ne5 19. h3 Bd7 20. f4 Nc6 21. e5 Nd5 22. Nxd5 Nxd4 23. Nxe7+ Qxe7 24. Bxd4 1-0

[Event "Berlin Lichtenberger op 18th"]
[Site "Berlin"]
[Date "2019.08.17"]
[Round "1"]
[White "Fiss, Wolfgang"]
[Black "Zeitz, Philip"]
[Result "0-1"]
[WhiteElo "1778"]
[BlackElo "2170"]
[PlyCount "100"]
[EventDate "2019.08.17"]
[EventType "swiss"]
[EventRounds "9"]
[EventCountry "GER"]
[SourceTitle "EXT 2020"]
[Source "ChessBase"]
[SourceDate "2019.10.17"]
[SourceVersion "1"]
[SourceVersionDate "2019.10.17"]
[SourceQuality "1"]

1. d4 d5 2. c4 c6 3. Nc3 dxc4 4. Bf4 b5 5. g3 Nf6 6. Bg2 Nd5 7. Bxd5 cxd5 8. Nxb5 Qa5+ 9. Nc3 Nc6 10. a3 e6 11. Nf3 Bd7 12. 0-0 f5 13. Ne5 Be7 14. e3 Nxe5 15. Bxe5 0-0 16. Kh1 Be8 17. Rg1 Qd8 18. Rb1 Rc8 19. h3 Bg6 20. Rc1 Qe8 21. f4 Bf6 22. Bd6 Be7 23. Be5 Qd7 24. Rc2 Bf6 25. Bxf6 Rxf6 26. Rcg2 Rc7 27. Na4 Bh5 28. g4 fxg4 29. Nc5 Qc8 30. hxg4 Bg6 31. g5 Rf8 32. Kh2 Qe8 33. Rg3 Bf5 34. Kg2 Qb5 35. Na4 Rb8 36. Rf1 Qe8 37. Rf2 Rcb7 38. Kh2 Rb3 39. e4 Rxg3 40. Kxg3 Bxe4 41. Nc5 Bf5 42. Qe2 Qg6 43. Rh2 h6 44. Nd7 Rb3+ 45. Kf2 Bd3 46. Ne5 Qf5 47. Nxd3 cxd3 48. Qd2 hxg5 49. Kg1 Qxf4 50. Qa5 Qc1+ 0-1

[Event "Berlin Lichtenberger op 17th"]
[Site "Berlin"]
[Date "2018.08.24"]
[Round "7"]
[White "Lichii, Elizaveta"]
[Black "Fiss, Wolfgang"]
[Result "0-1"]
[WhiteElo "1807"]
[BlackElo "1757"]
[PlyCount "124"]
[EventDate "2018.08.18"]
[EventType "swiss"]
[EventRounds "9"]
[EventCountry "GER"]
[SourceTitle "CBM 186 Extra"]
[Source "ChessBase"]
[SourceDate "2018.08.24"]
[SourceVersion "1"]
[SourceVersionDate "2018.08.24"]
[SourceQuality "1"]

1. e4 e6 2. d4 d5 3. Nc3 dxe4 4. Nxe4 Nd7 5. Nf3 Ngf6 6. Nxf6+ Nxf6 7. c3 Bd7 8. Bd3 Be7 9. Ne5 h6 10. 0-0 c5 11. Be3 Bc6 12. Nxc6 bxc6 13. dxc5 Nd5 14. Bd4 0-0 15. Qg4 Bf6 16. Qe4 g6 17. a3 Rb8 18. c4 Bxd4 19. Qxd4 Nf4 20. Qxf4 Qxd3 21. b4 Rbd8 22. Qxh6 Qxc4 23. Rfc1 Qd4 24. Qh3 Rd5 25. Qf3 Rfd8 26. Rf1 Qd2 27. Qe4 Qc3 28. g3 a6 29. Qe1 Qb3 30. Qe2 Rd3 31. Qa2 Qa4 32. Rfb1 Rf3 33. Qe2 Rxa3 34. Rxa3 Qxa3 35. Qb2 Qa4 36. Qb3 Qb5 37. Ra1 Rb8 38. Qa4 Qxa4 39. Rxa4 Ra8 40. f4 f5 41. Kf2 Kf7 42. Ke3 Kf6 43. Kd4 Rd8+ 44. Kc4 Ra8 45. Ra2 e5 46. fxe5+ Kxe5 47. Re2+ Kf6 48. Rd2 Re8 49. Rd7 g5 50. Ra7 f4 51. gxf4 gxf4 52. Rxa6 Kf5 53. Ra7 Re4+ 54. Kb3 f3 55. Rf7+ Kg4 56. Rg7+ Kf4 57. Rf7+ Ke3 58. Ka4 f2 59. Rxf2 Kxf2 60. Ka5 Ke3 61. b5 Kd4 62. bxc6 Kxc5 0-1

[Event "Berlin-ch Seniors op 34th"]
[Site "Berlin"]
[Date "2018.02.07"]
[Round "8"]
[White "Fiss, Wolfgang"]
[Black "Schrodt, Horst"]
[Result "1/2-1/2"]
[WhiteElo "1770"]
[BlackElo "1716"]
[PlyCount "41"]
[EventDate "2018.01.30"]
[EventType "swiss"]
[EventRounds "9"]
[EventCountry "GER"]
[SourceTitle "EXT 2020"]
[Source "ChessBase"]
[SourceDate "2019.10.17"]
[SourceVersion "1"]
[SourceVersionDate "2019.10.17"]
[SourceQuality "1"]

1. e3 d5 2. b3 c6 3. Bb2 Nf6 4. Nf3 g6 5. c4 Bg7 6. cxd5 cxd5 7. Bb5+ Bd7 8. Bxd7+ Nbxd7 9. 0-0 0-0 10. d3 Rc8 11. Na3 a6 12. Qd2 e6 13. Rac1 Qe7 14. Rc2 Nb6 15. Rfc1 Nfd7 16. Bxg7 Kxg7 17. Rxc8 Rxc8 18. Rxc8 Nxc8 19. Qc3+ Qf6 20. Nb1 Qxc3 21. Nxc3 1/2-1/2

[Event "Berlin-ch Seniors op 34th"]
[Site "Berlin"]
[Date "2018.02.03"]
[Round "5"]
[White "Borgwardt, Heinz"]
[Black "Fiss, Wolfgang"]
[Result "1/2-1/2"]
[WhiteElo "1551"]
[BlackElo "1770"]
[PlyCount "84"]
[EventDate "2018.01.30"]
[EventType "swiss"]
[EventRounds "9"]
[EventCountry "GER"]
[SourceTitle "EXT 2020"]
[Source "ChessBase"]
[SourceDate "2019.10.17"]
[SourceVersion "1"]
[SourceVersionDate "2019.10.17"]
[SourceQuality "1"]

1. d4 d5 2. c4 c6 3. Nf3 Bf5 4. Nc3 e6 5. e3 Nf6 6. cxd5 exd5 7. Bd3 Bxd3 8. Qxd3 Be7 9. 0-0 0-0 10. Re1 Re8 11. e4 dxe4 12. Nxe4 Nbd7 13. Bf4 Nxe4 14. Qxe4 Nf6 15. Qc2 Nd5 16. Bg3 Bf6 17. Rxe8+ Qxe8 18. Re1 Qd7 19. Qd2 Re8 20. Rxe8+ Qxe8 21. Be5 Be7 22. Qe1 Kf8 23. a3 f6 24. Bg3 Qd7 25. Qe4 g6 26. h3 Bd6 27. Bxd6+ Qxd6 28. g3 Nb6 29. Qd3 Qd5 30. b3 c5 31. Qe3 c4 32. Nd2 cxb3 33. Nxb3 Nc4 34. Qf4 Qd6 35. Qe4 Qe7 36. Qd3 Nd6 37. Nd2 a6 38. a4 Qd7 39. Ne4 Nxe4 40. Qxe4 f5 41. Qe5 Kf7 42. Qh8 Ke6 1/2-1/2

[Event "Berlin-ch Seniors op 34th"]
[Site "Berlin"]
[Date "2018.01.30"]
[Round "1"]
[White "Burchardt, Brigitte"]
[Black "Fiss, Wolfgang"]
[Result "1-0"]
[WhiteElo "2170"]
[BlackElo "1770"]
[PlyCount "41"]
[EventDate "2018.01.30"]
[EventType "swiss"]
[EventRounds "9"]
[EventCountry "GER"]
[SourceTitle "EXT 2020"]
[Source "ChessBase"]
[SourceDate "2019.10.17"]
[SourceVersion "1"]
[SourceVersionDate "2019.10.17"]
[SourceQuality "1"]

1. e4 e6 2. d4 d5 3. Nd2 c5 4. exd5 Qxd5 5. Ngf3 cxd4 6. Bc4 Qd8 7. 0-0 Nf6 8. Nb3 Nc6 9. Nbxd4 Nxd4 10. Nxd4 Be7 11. c3 0-0 12. Qf3 a6 13. Rd1 Qb6 14. Bb3 Bd7 15. Be3 Bc6 16. Qg3 Ne4 17. Qg4 Qc7 18. Bc2 Nf6 19. Qh3 Be4 20. Bxe4 Nxe4 21. Nxe6 1-0

[Event "Berlin-ch Seniors op 32nd"]
[Site "Berlin"]
[Date "2016.02.01"]
[Round "6"]
[White "Bolle, Dietrich"]
[Black "Fiss, Wolfgang"]
[Result "1-0"]
[WhiteElo "1599"]
[BlackElo "1773"]
[PlyCount "53"]
[EventDate "2016.01.26"]
[EventType "swiss"]
[EventRounds "9"]
[EventCountry "GER"]
[SourceTitle "EXT 2019"]
[Source "ChessBase"]
[SourceDate "2018.10.10"]
[SourceVersion "1"]
[SourceVersionDate "2018.10.10"]
[SourceQuality "1"]

1. d4 Nf6 2. c4 b6 3. Nc3 Bb7 4. Nf3 e6 5. Bg5 Be7 6. e3 Ne4 7. Bxe7 Qxe7 8. Be2 0-0 9. 0-0 Nxc3 10. bxc3 d6 11. Re1 Nd7 12. Bd3 Nf6 13. e4 e5 14. Nh4 g6 15. Nf3 Rad8 16. d5 Bc8 17. h3 Nd7 18. Bc2 Nc5 19. Qc1 Kg7 20. Qe3 a5 21. Rad1 f6 22. Qc1 Rf7 23. Nh2 f5 24. exf5 Bxf5 25. Bxf5 Rxf5 26. Ng4 Rf4 27. Qxf4 1-0

[Event "Berlin op 08"]
[Site "Berlin"]
[Date "2006.08.26"]
[Round "8"]
[White "Lang, Martin"]
[Black "Fiss, Wolfgang"]
[Result "1-0"]
[WhiteElo "1801"]
[BlackElo "1714"]
[PlyCount "43"]
[EventDate "2006.08.19"]
[EventType "swiss"]
[EventRounds "9"]
[EventCountry "GER"]
[SourceTitle "EXT 2007"]
[Source "ChessBase"]
[SourceDate "2006.11.23"]
[SourceVersion "1"]
[SourceVersionDate "2006.11.23"]
[SourceQuality "1"]

1. e4 e6 2. d4 d5 3. Nc3 dxe4 4. Nxe4 Bd7 5. Nf3 Bc6 6. Bd3 Nd7 7. 0-0 Ngf6 8. Qe2 Be7 9. b3 Bxe4 10. Bxe4 Nxe4 11. Qxe4 c6 12. c4 0-0 13. Bb2 Qc7 14. Rfe1 Nf6 15. Qe3 Ng4 16. Qc3 a5 17. Re4 Nf6 18. Rh4 Ne8 19. Rh3 Nd6 20. Qc2 g6 21. Qd2 f6 22. Re1 1-0